Yellow perch (Perca flavescens) culture guide /

Bibliographic Details
Other Authors: Hart, Steven D. (Editor), Garling, Donald Lee, 1948- (Editor), Malison, Jeffrey Allen (Editor)
Format: Government Document eBook
Language:English
Published: [Ames, Iowa] : North Central Regional Aquaculture Center, 2006.
Series:NCRAC culture series ; 103.
Subjects:
Online Access:https://purl.fdlp.gov/GPO/gpo133390

MARC

Tag First Indicator Second Indicator Subfields
LEADER 00000nam a2200000Ii 4500
001 in00004093113
005 20200408081053.0
006 m o d f
007 cr mn|||||||||
008 200311s2006 iaua ob f001 0 eng d
035 |a (OCoLC)on1143850711 
040 |a GPO  |b eng  |e rda  |e pn  |c GPO  |d MvI 
049 |a WWW 
074 |a 0040-A-02 (online) 
086 0 |a A 94.2:Y 3 
245 0 0 |a Yellow perch (Perca flavescens) culture guide /  |c Steven D. Hart, Donald L. Garling, and Jeffrey A. Malison, editors. 
246 1 7 |a Yellow perch culture guide 
264 1 |a [Ames, Iowa] :  |b North Central Regional Aquaculture Center,  |c 2006. 
300 |a 1 online resource (viii, 84 pages) :  |b color illustrations. 
336 |a text  |b txt  |2 rdacontent 
337 |a computer  |b c  |2 rdamedia 
338 |a online resource  |b cr  |2 rdacarrier 
490 1 |a NCRAC culture series ;  |v #103 
500 |a "In cooperation with USDA." 
500 |a "October 2006." 
504 |a Includes bibliographical references (pages 69-75) and index. 
588 |a Description based on online resource, PDF version; title from cover (NCRAC website, viewed Mar. 11, 2020). 
650 0 |a Yellow perch. 
650 0 |a Fish culture. 
650 7 |a Fish culture.  |2 fast  |0 (OCoLC)fst00926017 
650 7 |a Yellow perch.  |2 fast  |0 (OCoLC)fst01182676 
700 1 |a Hart, Steven D.,  |e editor. 
700 1 |a Garling, Donald Lee,  |d 1948-  |e editor. 
700 1 |a Malison, Jeffrey Allen,  |e editor. 
710 2 |a North Central Regional Aquaculture Center (U.S.),  |e issuing body. 
776 0 8 |i Print version:  |t Yellow perch (Perca flavescens) culture guide.  |d Ames, Iowa : North Central Regional Aquaculture Center in cooperation with USDA, [2006]  |w (OCoLC)243773135 
830 0 |a NCRAC culture series ;  |v 103. 
856 4 0 |u https://purl.fdlp.gov/GPO/gpo133390  |t 0 
999 f f |s d405eaea-c083-3719-87bd-2bc6e3a3bd5d  |i c209dd52-efb4-35cf-9c8c-43a6bf89a46c  |t 0 
952 f f |a Texas A&M University  |b College Station  |c Electronic Resources  |d Available Online  |t 0  |e A 94.2:Y 3  |h Superintendent of Documents classification 
998 f f |a A 94.2:Y 3  |t 0  |l Available Online